Technologické postupy pro výrobu odlitků Určeno posluchačům předmětu Technologie 1., strojní fakulty

Bibliographic Details
Main Author: Bechný, Lubomír, 1933-2023 (Author)
Format: Book
Language:Czech
PhysicalDescription:298, [1] s. 4°
Published: Bratislava Alfa 1968
Series:Dočasné vysokoškolské učebnice

MARC

LEADER 00000nam a2200000 a 4500
001 vtls001192244
003 SK-MaSNL
005 20260302031730.0
008 251113s1968 xo 0 cze
035 |a SNK000135302 
040 |a SNK  |b slo  |c SNK  |e AACR2 
041 0 |a cze 
044 |a xo  |c SK 
100 1 |a Bechný, Lubomír,  |d 1933-2023  |4 aut  |9 6543 
245 1 0 |a Technologické postupy pro výrobu odlitků  |b Určeno posluchačům předmětu Technologie 1., strojní fakulty  |c Lubomír Bechný 
260 |a Bratislava  |b Alfa  |c 1968 
300 |a 298, [1] s.  |c 4° 
490 1 |a Dočasné vysokoškolské učebnice 
830 0 |a Dočasné vysokoškolské učebnice  |9 278602 
958 |a RK 
958 |a OND 
999 |c 1053513  |d 1055443 
952 |a SNK  |b SNK  |y PREZ  |7 0  |p 17A0840272  |o snkSB 14882   |0 0  |1 0  |4 0  |d 2012-07-23  |f 1  |l 0  |r 2025-03-14 00:00:00  |w 2026-02-24 
952 |t P60, <03>, [BOOK], {603}  |a SNK  |b SNK  |y PREZ  |7 0  |o snkSB 14882  |i snkKSP 2058/69  |0 0  |1 0  |4 0  |d 1996-03-22  |l 0  |r 2005-01-01 00:00:00  |w 2026-02-24 
952 |t P60, <04>, [BOOK], {604}  |a SNK  |b SNK  |y VYP  |7 0  |o snkSB 14882 D2  |i snkD 1379/76  |0 0  |1 0  |4 0  |d 1996-03-22  |l 0  |r 2005-01-01 00:00:00  |w 2026-02-24 
952 |t P60, <04>, [BOOK], {604}  |a SNK  |b SNK  |y VYP  |7 0  |p 17A0109816  |o snkSB 14882 D1  |0 0  |1 0  |4 0  |d 1997-11-14  |l 0  |r 2005-01-01 00:00:00  |w 2026-02-24